000 00409 a2200145 4500
999 _c2536
_d2536
020 _a1779050879
050 _aHC 900 EVA 1999
100 _aEvans, David
245 _aSADC
_bthe cost of non-integration /
_cDavid Evans, Peter Holmes, Ibbo Mandaza
264 _aHarare
_bSapes Books
_c1999
300 _a71p.
500 _aincludes index
650 _aSADC--- Non - Integration
942 _2lcc
_cBK
_h900
_iEVA
_kHC